[Event "Gibraltar ChallWk1 12th"]
[Site "Gibraltar"]
[Date "2014.01.27"]
[Round "1.1"]
[White "Nicolas Zapata, Irene"]
[Black "Omoifo, Osemekhian I"]
[Result "1-0"]
[WhiteElo "2249"]
[BlackElo "2076"]
[PlyCount "165"]
[EventDate "2014.01.27"]
[EventType "swiss"]
[EventRounds "5"]
[EventCountry "GGB"]
[SourceTitle "BritBase"]
[Source "www.saund.co.uk"]
[SourceDate "2018.02.10"]
[SourceVersion "1"]
[SourceVersionDate "2018.02.10"]
[SourceQuality "1"]

1. Nf3 Nf6 2. c4 e6 3. g3 b6 4. Bg2 Bb7 5. O-O Be7 6. Nc3 O-O 7. Re1 d6 8. e4
Nbd7 9. d4 e5 10. b3 Re8 11. Bb2 Bf8 12. Nd5 Nxd5 13. exd5 e4 14. Nh4 Nf6 15.
Qc2 Qd7 16. Bxe4 Nxe4 17. Rxe4 Rxe4 18. Qxe4 Re8 19. Qf3 Bc8 20. a4 a5 21. Bc3
g5 22. Ng2 Qg4 23. Qxg4 Bxg4 24. Ne3 Bf3 25. Kf1 g4 26. Re1 h5 27. Nc2 Be4 28.
Na3 Bd3+ 29. Kg1 Rxe1+ 30. Bxe1 Bh6 31. Nb5 Bc2 32. Nxc7 Bxb3 33. Na8 Bxc4 34.
Nxb6 Bb3 35. Bxa5 Bg5 36. Bb4 Bd8 37. a5 Bxb6 38. axb6 Bxd5 39. Bxd6 f6 40. Kf1
Kf7 41. Ke2 Ke6 42. Ba3 Bb7 43. Ke3 Kf5 44. Kd3 Ba6+ 45. Kc3 Ke4 46. Be7 f5 47.
Bf6 Kd5 48. Kd2 Ke4 49. d5 Kxd5 50. Ke3 Ke6 51. Bc3 Bb7 52. Kf4 Be4 53. Kg5 Bf3
54. Bd2 Bb7 55. Kxh5 Be4 56. Kh4 Kf6 57. h3 gxh3 58. Kxh3 Bf3 59. Kh2 Ke6 60.
Bf4 Kd7 61. Kg1 Kc6 62. Be3 Kd6 63. Kf1 Ke5 64. Ke1 Bb7 65. Kd2 Ke4 66. Kc3 Kd5
67. Bd4 Ba6 68. f3 Bb7 69. Kd3 Ke6 70. Ke3 Bc6 71. Kf4 Bb7 72. g4 fxg4 73. fxg4
Bd5 74. g5 Kd6 75. g6 Kc6 76. Ke5 Bg8 77. Kf6 Kb7 78. Ke7 Ba2 79. Kf8 Kc8 80.
g7 Kb7 81. g8=Q Bxg8 82. Kxg8 Kc8 83. Kf7 1-0

[Event "Gibraltar ChallWk1 12th"]
[Site "Gibraltar"]
[Date "2014.01.27"]
[Round "1.2"]
[White "Festa, Samuele"]
[Black "Gajic, Mladen"]
[Result "1-0"]
[WhiteElo "2075"]
[BlackElo "2246"]
[PlyCount "125"]
[EventDate "2014.01.27"]
[EventType "swiss"]
[EventRounds "5"]
[EventCountry "GGB"]
[SourceTitle "BritBase"]
[Source "www.saund.co.uk"]
[SourceDate "2018.02.10"]
[SourceVersion "1"]
[SourceVersionDate "2018.02.10"]
[SourceQuality "1"]

1. e4 Nf6 2. e5 Nd5 3. d4 d6 4. c4 Nb6 5. exd6 cxd6 6. Nc3 g6 7. Be3 Bg7 8. Rc1
O-O 9. b3 e5 10. d5 f5 11. f3 N8d7 12. Nh3 Nf6 13. c5 dxc5 14. Bxc5 Re8 15. Bb5
Nbd7 16. Be3 a6 17. Be2 Nb6 18. Bg5 h6 19. Bxf6 Qxf6 20. O-O Bd7 21. a4 Bf8 22.
Nf2 Red8 23. a5 Nc8 24. Nd3 Na7 25. Na4 Be8 26. Nb6 Rab8 27. Nc5 Nc8 28. Ne6
Nxb6 29. Nxd8 Rxd8 30. axb6 Qxb6+ 31. Kh1 Bf7 32. Bc4 Qd6 33. b4 Qxb4 34. Qb3
Qe7 35. Qa2 Rd6 36. Rfd1 Kh7 37. Bb3 Qd8 38. h3 h5 39. Rc2 Bh6 40. Qa4 Bf4 41.
Qb4 Rb6 42. Qc3 Qh4 43. Qc7 Rf6 44. d6 Qg3 45. Kg1 Qh2+ 46. Kf2 Qg3+ 47. Kg1
Qh2+ 48. Kf2 Kg7 49. Bxf7 Rxf7 50. d7 e4 51. Qxf4 Qxf4 52. d8=Q e3+ 53. Ke2 Kh7
54. Rd7 Rxd7 55. Qxd7+ Kh6 56. Qe7 Qg3 57. Qxe3+ f4 58. Qf2 Qg5 59. Kf1 Qf5 60.
Qc5 Qd3+ 61. Kg1 b5 62. Qf8+ Kg5 63. Rc5+ 1-0

[Event "Gibraltar ChallWk1 12th"]
[Site "Gibraltar"]
[Date "2014.01.27"]
[Round "1.3"]
[White "Martinez Reyes, Pedro Ramon"]
[Black "Kozarcanin, Sead"]
[Result "1-0"]
[WhiteElo "2246"]
[BlackElo "2073"]
[PlyCount "107"]
[EventDate "2014.01.27"]
[EventType "swiss"]
[EventRounds "5"]
[EventCountry "GGB"]
[SourceTitle "BritBase"]
[Source "www.saund.co.uk"]
[SourceDate "2018.02.10"]
[SourceVersion "1"]
[SourceVersionDate "2018.02.10"]
[SourceQuality "1"]

1. e4 e5 2. Nf3 Nc6 3. Bb5 a6 4. Ba4 d6 5. O-O Bd7 6. c3 g6 7. d4 Bg7 8. d5
Nce7 9. c4 b5 10. Bb3 h6 11. Qe2 f5 12. a4 fxe4 13. Qxe4 Nf6 14. Qe2 bxa4 15.
Bxa4 O-O 16. Bxd7 Qxd7 17. Nc3 c5 18. dxc6 Qxc6 19. Be3 g5 20. Rfd1 Nf5 21. Qd3
e4 22. Nd4 exd3 23. Nxc6 Rfc8 24. Na5 Rab8 25. Ra2 Ng4 26. Rxd3 Ne5 27. Rd5
Nxe3 28. fxe3 Ng4 29. Nd1 Be5 30. g3 Nf6 31. Rd3 h5 32. Nc3 Kf7 33. Nd5 Nxd5
34. Rxd5 Ke6 35. b3 g4 36. Kg2 Rb6 37. e4 Rf8 38. c5 Rb5 39. cxd6 Rxd5 40.
exd5+ Kxd5 41. Nc4 Bd4 42. h3 Kc5 43. Rd2 Rb8 44. Rd3 Rf8 45. Rd2 Rb8 46. Na5
Bf6 47. Rf2 Bc3 48. Rc2 Kb5 49. Rxc3 Kxa5 50. hxg4 hxg4 51. d7 Rd8 52. Rd3 Kb6
53. Kf2 Kc7 54. Ke3 1-0

[Event "Gibraltar ChallWk1 12th"]
[Site "Gibraltar"]
[Date "2014.01.27"]
[Round "1.4"]
[White "Suez-Panama, Gilles"]
[Black "Gandrud, Vegar Koi"]
[Result "1/2-1/2"]
[WhiteElo "2071"]
[BlackElo "2242"]
[PlyCount "123"]
[EventDate "2014.01.27"]
[EventType "swiss"]
[EventRounds "5"]
[EventCountry "GGB"]
[SourceTitle "BritBase"]
[Source "www.saund.co.uk"]
[SourceDate "2018.02.10"]
[SourceVersion "1"]
[SourceVersionDate "2018.02.10"]
[SourceQuality "1"]

1. d4 d5 2. Nf3 Nf6 3. c4 e6 4. g3 Bb4+ 5. Bd2 Be7 6. Bg2 O-O 7. Qc2 dxc4 8.
Qxc4 Nc6 9. O-O Qd5 10. Qd3 Qf5 11. Qxf5 exf5 12. Nc3 Be6 13. Rfd1 Nb4 14. Bf4
Nbd5 15. Ng5 Nxf4 16. gxf4 Bc4 17. b3 Ba6 18. Rac1 Rfd8 19. e3 c6 20. Nf3 Ne4
21. Ne5 Nxc3 22. Rxc3 Be2 23. Ra1 f6 24. Nd3 Rab8 25. Nc5 Bh5 26. Bh3 Bg4 27.
Bg2 Bh5 28. Bh3 Bg4 29. Bxg4 fxg4 30. Ne6 Rd5 31. e4 Ra5 32. a4 Kf7 33. Nc5 b6
34. b4 Bxc5 35. dxc5 Ra6 36. Rd3 Rb7 37. Rd4 h5 38. Kg2 Re7 39. h3 gxh3+ 40.
Kxh3 g6 41. f3 Kg7 42. Rd6 bxc5 43. bxc5 Rb7 44. Ra3 Rb4 45. Rd7+ Kh6 46. Rc7
Raxa4 47. Rxa4 Rxa4 48. Rxc6 f5 49. exf5 Rxf4 50. Rxg6+ Kh7 51. Ra6 Rxf3+ 52.
Kh4 Rxf5 53. Rxa7+ Kg6 54. c6 Rf4+ 55. Kg3 Rc4 56. Rc7 Kf6 57. Rh7 Kg6 58. Rc7
Rc3+ 59. Kh4 Rc4+ 60. Kg3 Kf6 61. Rh7 Kg6 62. Rc7 1/2-1/2

[Event "Gibraltar ChallWk1 12th"]
[Site "Gibraltar"]
[Date "2014.01.27"]
[Round "1.5"]
[White "Sanchez Botella, Luis Javier"]
[Black "Verneuil, Pascal"]
[Result "1-0"]
[WhiteElo "2241"]
[BlackElo "2065"]
[PlyCount "59"]
[EventDate "2014.01.27"]
[EventType "swiss"]
[EventRounds "5"]
[EventCountry "GGB"]
[SourceTitle "BritBase"]
[Source "www.saund.co.uk"]
[SourceDate "2018.02.10"]
[SourceVersion "1"]
[SourceVersionDate "2018.02.10"]
[SourceQuality "1"]

1. d4 d5 2. c4 c6 3. Nf3 Nf6 4. Nc3 a6 5. e3 e6 6. a3 dxc4 7. Bxc4 b5 8. Bd3 c5
9. O-O Bb7 10. Qe2 Nbd7 11. Rd1 Qb6 12. h3 Bd6 13. dxc5 Bxc5 14. e4 e5 15. b4
Be7 16. Be3 Qc7 17. Rac1 Qb8 18. Nh4 O-O 19. Nf5 Re8 20. Qf3 Bf8 21. Bb1 Rc8
22. Bg5 a5 23. Ba2 axb4 24. Nh6+ Kh8 25. Nxf7+ Kg8 26. Rxd7 b3 27. Nh6+ Kh8 28.
Qxf6 Ra6 29. Qf7 Rxh6 30. Bxh6 1-0

[Event "Gibraltar ChallWk1 12th"]
[Site "Gibraltar"]
[Date "2014.01.27"]
[Round "1.6"]
[White "Nejanky, Maisa"]
[Black "Congiu, Mathilde"]
[Result "0-1"]
[WhiteElo "2040"]
[BlackElo "2226"]
[PlyCount "116"]
[EventDate "2014.01.27"]
[EventType "swiss"]
[EventRounds "5"]
[EventCountry "GGB"]
[SourceTitle "BritBase"]
[Source "www.saund.co.uk"]
[SourceDate "2018.02.10"]
[SourceVersion "1"]
[SourceVersionDate "2018.02.10"]
[SourceQuality "1"]

1. e4 d5 2. exd5 Qxd5 3. Nc3 Qa5 4. d4 Nf6 5. Nf3 Bf5 6. Bc4 e6 7. Bd2 Bb4 8.
a3 Bxc3 9. Bxc3 Qb6 10. O-O Nc6 11. Ne5 O-O 12. Re1 Rad8 13. a4 Nxd4 14. a5 Qd6
15. Bd3 c5 16. a6 b6 17. Bxd4 cxd4 18. Bxf5 exf5 19. Qf3 g6 20. Nc6 Rd7 21.
Rad1 Qc5 22. c3 dxc3 23. Rxd7 Nxd7 24. bxc3 Nf6 25. Nxa7 Ne4 26. Qe3 Ra8 27.
Qxc5 bxc5 28. Nb5 Rxa6 29. f3 Nd2 30. Re5 c4 31. Rd5 Ra2 32. Rd4 Kg7 33. Nd6
Rc2 34. Nxc4 Nb3 35. Rd3 Nc5 36. Rd5 Ne6 37. g3 Rxc3 38. Nd2 Rc2 39. f4 Nc5 40.
Nf3 Ne4 41. Rd7 Nf6 42. Rb7 Ne8 43. Ne5 Rc7 44. Rb8 Nf6 45. Nf3 h6 46. Ra8 Ne4
47. Ra5 Nd6 48. Rd5 Nc4 49. Rb5 Ne3 50. Rb1 Ng4 51. Ra1 Rc3 52. Ne1 Re3 53. Rb1
Re2 54. h3 Nf6 55. Kf1 Rh2 56. h4 Ne4 57. Rb5 Rh1+ 58. Ke2 Nc3+ 0-1

[Event "Gibraltar ChallWk1 12th"]
[Site "Gibraltar"]
[Date "2014.01.27"]
[Round "1.7"]
[White "Galmandakh, Badrakh"]
[Black "Danielsen, Magnus"]
[Result "1-0"]
[WhiteElo "2225"]
[BlackElo "2032"]
[PlyCount "64"]
[EventDate "2014.01.27"]
[EventType "swiss"]
[EventRounds "5"]
[EventCountry "GGB"]
[SourceTitle "BritBase"]
[Source "www.saund.co.uk"]
[SourceDate "2018.02.10"]
[SourceVersion "1"]
[SourceVersionDate "2018.02.10"]
[SourceQuality "1"]

1. Nf3 Nf6 2. d3 d5 3. Nbd2 c5 4. e4 Bg4 5. Be2 Nc6 6. c3 e6 7. O-O Bd6 8. Ne1
Bxe2 9. Qxe2 Qc7 10. h3 O-O-O 11. a3 g5 12. b4 Rhg8 13. exd5 Nxd5 14. Ne4 Be5
15. Bd2 Qe7 16. b5 Nb8 17. d4 Bd6 18. Nd3 Nd7 19. c4 Nf4 20. Nxf4 Bxf4 21. dxc5
Bxd2 22. c6 Ba5 23. cxd7+ Rxd7 24. c5 Rd5 25. Rad1 Rdd8 26. Qc4 Kb8 27. Qa4 f5
28. Nd6 Bc7 29. b6 axb6 30. Nb5 bxc5 31. Qa7+ Kc8 32. Rb1 Bb8 1-0

[Event "Gibraltar ChallWk1 12th"]
[Site "Gibraltar"]
[Date "2014.01.27"]
[Round "1.8"]
[White "Isherwood, Paul"]
[Black "Sanchez Castillo, Sarai"]
[Result "0-1"]
[WhiteElo "2020"]
[BlackElo "2219"]
[PlyCount "114"]
[EventDate "2014.01.27"]
[EventType "swiss"]
[EventRounds "5"]
[EventCountry "GGB"]
[SourceTitle "BritBase"]
[Source "www.saund.co.uk"]
[SourceDate "2018.02.10"]
[SourceVersion "1"]
[SourceVersionDate "2018.02.10"]
[SourceQuality "1"]

1. e4 e6 2. d4 d5 3. Nd2 c5 4. c3 Nc6 5. Ngf3 Nf6 6. Bd3 Qb6 7. O-O cxd4 8.
cxd4 Nxd4 9. e5 Nd7 10. Nxd4 Qxd4 11. Nf3 Qb6 12. Qa4 Qb4 13. Qc2 h6 14. Be3
Bc5 15. Bd2 Qb6 16. b4 Be7 17. Rac1 O-O 18. a3 Qd8 19. Rb1 Nb6 20. Qc1 f5 21.
exf6 Bxf6 22. Re1 Bd7 23. Ne5 Rc8 24. Qd1 Bxe5 25. Rxe5 Qf6 26. Qe2 Nc4 27.
Bxc4 Rxc4 28. Re1 Rc2 29. Qe3 a6 30. h3 Rfc8 31. Qd4 R8c4 32. Qd3 Rc7 33. Qd4
Kh7 34. R1e3 R7c4 35. Qd3+ Qg6 36. Qe2 Ra2 37. Rd3 Rcc2 38. Qe3 Qf6 39. Be1 Re2
40. Qxe2 Rxe2 41. Rxe2 Bb5 42. Bc3 Qe7 43. Rde3 Bxe2 44. Rxe2 Qc7 45. Bb2 Qc8
46. Kf1 d4 47. Bxd4 Qc1+ 48. Re1 Qc4+ 49. Kg1 Qxd4 50. Re3 e5 51. g3 g5 52. Kg2
Kg6 53. g4 Kf6 54. Kf1 e4 55. Ke2 Qb2+ 56. Kf1 Ke5 57. f3 Kf4 0-1

[Event "Gibraltar ChallWk1 12th"]
[Site "Gibraltar"]
[Date "2014.01.27"]
[Round "1.9"]
[White "Rowe, Duane"]
[Black "Perdomo Araujo, Angel Eduardo"]
[Result "0-1"]
[WhiteElo "2218"]
[BlackElo "2018"]
[PlyCount "132"]
[EventDate "2014.01.27"]
[EventType "swiss"]
[EventRounds "5"]
[EventCountry "GGB"]
[SourceTitle "BritBase"]
[Source "www.saund.co.uk"]
[SourceDate "2018.02.10"]
[SourceVersion "1"]
[SourceVersionDate "2018.02.10"]
[SourceQuality "1"]

1. e4 e6 2. b3 d5 3. Bb2 dxe4 4. Nc3 Nf6 5. Qe2 Be7 6. Nxe4 Nc6 7. Nf3 O-O 8.
g4 Nxe4 9. Qxe4 Bf6 10. d4 Qd5 11. Bd3 g6 12. g5 Bg7 13. c4 Qa5+ 14. Ke2 Bd7
15. h4 e5 16. Qd5 Qxd5 17. cxd5 Nxd4+ 18. Nxd4 exd4 19. Ba3 Rfe8+ 20. Kd2 c6
21. dxc6 Bxc6 22. Rhe1 Be5 23. Kc2 Rac8 24. Kb2 Bf3 25. Bb4 f5 26. Rac1 Rxc1
27. Rxc1 Be4 28. Bc4+ Kg7 29. Bd2 a6 30. a4 Rc8 31. f4 Bd6 32. b4 h6 33. gxh6+
Kxh6 34. Kb3 Kg7 35. Rf1 Kf6 36. Be1 Bc2+ 37. Kxc2 Rxc4+ 38. Kd3 b5 39. axb5
axb5 40. Bd2 Bxb4 41. Bxb4 Rxb4 42. Ra1 Kg7 43. Ra8 Rb1 44. Kxd4 Re1 45. h5
Re4+ 46. Kd5 gxh5 47. Ra7+ Kf6 48. Ra6+ Kf7 49. Rh6 b4 50. Rxh5 Kg6 51. Rh8
Rxf4 52. Rg8+ Kf7 53. Rb8 Kf6 54. Rb6+ Kg5 55. Rb8 Re4 56. Rh8 b3 57. Rb8 Re3
58. Kd4 f4 59. Rg8+ Kf5 60. Rg2 Rg3 61. Rf2 Kg4 62. Ke5 Re3+ 63. Kf6 f3 64. Rb2
Kg3 65. Kf5 f2 66. Rb1 Kg2 0-1

[Event "Gibraltar ChallWk1 12th"]
[Site "Gibraltar"]
[Date "2014.01.27"]
[Round "1.10"]
[White "Hamer, Martyn"]
[Black "Vea, Odin Blikra"]
[Result "0-1"]
[WhiteElo "2017"]
[BlackElo "2217"]
[PlyCount "80"]
[EventDate "2014.01.27"]
[EventType "swiss"]
[EventRounds "5"]
[EventCountry "GGB"]
[SourceTitle "BritBase"]
[Source "www.saund.co.uk"]
[SourceDate "2018.02.10"]
[SourceVersion "1"]
[SourceVersionDate "2018.02.10"]
[SourceQuality "1"]

1. Nf3 Nf6 2. c4 g6 3. g3 Bg7 4. Bg2 O-O 5. O-O d6 6. d4 Nc6 7. Nc3 a6 8. b3
Rb8 9. Nd5 b5 10. Nxf6+ Bxf6 11. Bh6 Re8 12. cxb5 axb5 13. Rc1 Bb7 14. Qd2 e5
15. d5 Ne7 16. e4 c6 17. dxc6 Bxc6 18. Ne1 d5 19. exd5 Bxd5 20. Bxd5 Qxd5 21.
Qxd5 Nxd5 22. Nd3 e4 23. Nc5 Ra8 24. Rfd1 Nc3 25. Re1 Bh8 26. a4 bxa4 27. bxa4
f5 28. Kg2 Rec8 29. Be3 Rc7 30. Ne6 Rd7 31. Rc2 Rd6 32. Nc5 Nd5 33. Rb1 Rc6 34.
Rc4 Bg7 35. Rb5 Rac8 36. Bc1 Nb6 37. Rcb4 Nd5 38. Rc4 e3 39. Kf3 exf2 40. Kxf2
Rxc5 0-1

[Event "Gibraltar ChallWk1 12th"]
[Site "Gibraltar"]
[Date "2014.01.27"]
[Round "1.11"]
[White "Zvarik, Martin"]
[Black "Ungureanu, Sandu"]
[Result "1-0"]
[WhiteElo "2216"]
[BlackElo "2014"]
[PlyCount "51"]
[EventDate "2014.01.27"]
[EventType "swiss"]
[EventRounds "5"]
[EventCountry "GGB"]
[SourceTitle "BritBase"]
[Source "www.saund.co.uk"]
[SourceDate "2018.02.10"]
[SourceVersion "1"]
[SourceVersionDate "2018.02.10"]
[SourceQuality "1"]

1. b3 d5 2. Bb2 c5 3. d4 cxd4 4. Nf3 Nc6 5. Nxd4 Nxd4 6. Qxd4 Nf6 7. Nc3 Bf5 8.
O-O-O Qc7 9. e4 Qf4+ 10. Rd2 e5 11. Qa4+ Bd7 12. Bb5 O-O-O 13. Qxa7 d4 14. Qa8+
Kc7 15. Qa5+ Kc8 16. Bxd7+ Kxd7 17. g3 Qf3 18. Rhd1 Bd6 19. Nb5 Nxe4 20. Nxd6
Nxd2 21. Qxe5 Qf6 22. Qxf6 gxf6 23. Nxf7 Nf3 24. Bxd4 Ke7 25. Nxd8 Nxd4 26.
Rxd4 1-0

[Event "Gibraltar ChallWk1 12th"]
[Site "Gibraltar"]
[Date "2014.01.27"]
[Round "1.12"]
[White "Ellison, D George"]
[Black "Barrenechea Bahamonde, Gustavo"]
[Result "0-1"]
[WhiteElo "2013"]
[BlackElo "2208"]
[PlyCount "70"]
[EventDate "2014.01.27"]
[EventType "swiss"]
[EventRounds "5"]
[EventCountry "GGB"]
[SourceTitle "BritBase"]
[Source "www.saund.co.uk"]
[SourceDate "2018.02.10"]
[SourceVersion "1"]
[SourceVersionDate "2018.02.10"]
[SourceQuality "1"]

1. e4 d5 2. exd5 Nf6 3. Nf3 Qxd5 4. Nc3 Qd8 5. d4 g6 6. Bc4 Bg7 7. Bg5 O-O 8.
Qd2 a6 9. Bh6 b5 10. Bxg7 Kxg7 11. Bd3 Bb7 12. Qf4 Qd6 13. Qxd6 cxd6 14. Ke2
Nc6 15. Rhe1 Nb4 16. Rad1 Rac8 17. a3 Nxd3 18. Rxd3 Rc7 19. Kd2 Rfc8 20. d5 Kf8
21. Ng5 a5 22. Nge4 b4 23. axb4 axb4 24. Nxf6 bxc3+ 25. Rxc3 exf6 26. Rxc7 Rxc7
27. c3 Bxd5 28. f3 Re7 29. Ra1 Bc4 30. Ra8+ Kg7 31. Rd8 d5 32. b4 Re2+ 33. Kd1
Rxg2 34. b5 Rb2 35. Rb8 Rxb5 0-1

[Event "Gibraltar ChallWk1 12th"]
[Site "Gibraltar"]
[Date "2014.01.27"]
[Round "1.13"]
[White "Dolzhikova, Olga"]
[Black "Dotan, Valeria"]
[Result "1-0"]
[WhiteElo "2203"]
[BlackElo "1979"]
[PlyCount "91"]
[EventDate "2014.01.27"]
[EventType "swiss"]
[EventRounds "5"]
[EventCountry "GGB"]
[SourceTitle "BritBase"]
[Source "www.saund.co.uk"]
[SourceDate "2018.02.10"]
[SourceVersion "1"]
[SourceVersionDate "2018.02.10"]
[SourceQuality "1"]

1. e4 c5 2. c3 Nf6 3. e5 Nd5 4. d4 cxd4 5. Qxd4 e6 6. Nf3 Nc6 7. Qe4 f5 8. Qe2
Be7 9. c4 Nc7 10. g3 d5 11. exd6 Qxd6 12. Bf4 Qd8 13. Nc3 O-O 14. Rd1 Bd7 15.
Qd2 Be8 16. Qxd8 Bxd8 17. Rxd8 Nxd8 18. Bxc7 Bc6 19. Bg2 Nf7 20. O-O Rac8 21.
Bf4 h6 22. Re1 Rfe8 23. b3 Rcd8 24. Ne5 Bxg2 25. Kxg2 g5 26. Nxf7 Kxf7 27. Be5
a6 28. Re2 Rd3 29. b4 Rc8 30. c5 a5 31. Nb5 Ra8 32. Nc7 Rad8 33. Bd6 axb4 34.
Rxe6 Rd7 35. Rxh6 Kg7 36. Re6 Rd2 37. Be5+ Kh7 38. Rb6 Rxa2 39. Bd6 g4 40. Rxb4
Rc2 41. Rxb7 Kg6 42. Rb6 Kf7 43. Nd5 Ra7 44. Ne3 Rc3 45. Nxf5 Ra2 46. Nh6+ 1-0

[Event "Gibraltar ChallWk1 12th"]
[Site "Gibraltar"]
[Date "2014.01.27"]
[Round "1.14"]
[White "Olsen, Miriam F"]
[Black "Janev, Pavel"]
[Result "0-1"]
[WhiteElo "1997"]
[BlackElo "2203"]
[PlyCount "104"]
[EventDate "2014.01.27"]
[EventType "swiss"]
[EventRounds "5"]
[EventCountry "GGB"]
[SourceTitle "BritBase"]
[Source "www.saund.co.uk"]
[SourceDate "2018.02.10"]
[SourceVersion "1"]
[SourceVersionDate "2018.02.10"]
[SourceQuality "1"]

1. e4 Nc6 2. Nf3 e5 3. d4 exd4 4. Nxd4 Bc5 5. Nxc6 Qf6 6. Qf3 bxc6 7. Bd3 d6 8.
O-O Qxf3 9. gxf3 Ne7 10. Be3 Bb6 11. Nd2 Be6 12. a4 O-O 13. Nc4 Bxc4 14. Bxc4
Rfe8 15. Rfd1 Rab8 16. Bb3 Kf8 17. a5 Bxe3 18. fxe3 Rb5 19. Ba4 Rxa5 20. b4
Rg5+ 21. Kh1 a5 22. bxa5 Rxa5 23. Bb3 Rea8 24. Rxa5 Rxa5 25. f4 Nc8 26. Kg2 Ke7
27. Kf3 Nb6 28. Rg1 g6 29. Rd1 c5 30. Bd5 c4 31. Rd4 Ra2 32. Rd2 Rb2 33. Rg2 c3
34. h4 Rb5 35. Bb3 c5 36. Bd5 c4 37. Rg5 h6 38. Bc6 Rb2 39. Rg2 h5 40. f5 gxf5
41. exf5 Kf6 42. Kf4 Rb1 43. Rf2 Rd1 44. Bf3 Rd2 45. Rxd2 cxd2 46. e4 c3 47.
Bxh5 Nc4 48. Be2 Nb2 49. Ke3 d1=Q 50. Bxd1 Nxd1+ 51. Kd3 Nf2+ 52. Kxc3 Nxe4+
0-1

[Event "Gibraltar ChallWk1 12th"]
[Site "Gibraltar"]
[Date "2014.01.27"]
[Round "1.15"]
[White "Nikolaidis, Konstantinos"]
[Black "Reppen, Ellisiv"]
[Result "1-0"]
[WhiteElo "2185"]
[BlackElo "1995"]
[PlyCount "75"]
[EventDate "2014.01.27"]
[EventType "swiss"]
[EventRounds "5"]
[EventCountry "GGB"]
[SourceTitle "BritBase"]
[Source "www.saund.co.uk"]
[SourceDate "2018.02.10"]
[SourceVersion "1"]
[SourceVersionDate "2018.02.10"]
[SourceQuality "1"]

1. d4 Nf6 2. c4 g6 3. Nc3 Bg7 4. e4 d6 5. Nf3 O-O 6. Be2 Nbd7 7. O-O c5 8. d5
Re8 9. h3 a6 10. a4 h6 11. Be3 Kh7 12. Qc2 Ng8 13. Rad1 Qa5 14. Bd2 Ne5 15. Ne1
f5 16. f4 Nf7 17. Bd3 Bd4+ 18. Kh1 Nf6 19. exf5 g5 20. Ne2 Qc7 21. Nxd4 cxd4
22. fxg5 hxg5 23. Nf3 Rf8 24. Nxd4 Ne5 25. Ne6 Bxe6 26. fxe6+ Kh8 27. Bc3 Rac8
28. Qe2 Rg8 29. Rf5 g4 30. Bxe5 dxe5 31. Qxe5 gxh3 32. Qxc7 hxg2+ 33. Kg1 Rxc7
34. d6 Rc6 35. d7 Rd6 36. Bc2 Rxd1+ 37. Bxd1 Rf8 38. Rxf6 1-0

[Event "Gibraltar ChallWk1 12th"]
[Site "Gibraltar"]
[Date "2014.01.27"]
[Round "1.16"]
[White "Jacobsen, Fredrik Beer"]
[Black "Mihajlov, Sebastian"]
[Result "0-1"]
[WhiteElo "1991"]
[BlackElo "2185"]
[PlyCount "104"]
[EventDate "2014.01.27"]
[EventType "swiss"]
[EventRounds "5"]
[EventCountry "GGB"]
[SourceTitle "BritBase"]
[Source "www.saund.co.uk"]
[SourceDate "2018.02.10"]
[SourceVersion "1"]
[SourceVersionDate "2018.02.10"]
[SourceQuality "1"]

1. e4 e5 2. Nf3 Nc6 3. d4 exd4 4. Bc4 Bc5 5. O-O d6 6. c3 d3 7. Qxd3 Nf6 8. e5
Nxe5 9. Nxe5 dxe5 10. Qxd8+ Kxd8 11. Bg5 Be6 12. Bxe6 fxe6 13. Nd2 h6 14. Bh4
Bd6 15. Rfe1 Ke7 16. Nc4 g5 17. Bg3 e4 18. Nd2 Bxg3 19. hxg3 Rad8 20. Nxe4 Nxe4
21. Rxe4 Rd2 22. Rae1 Rxb2 23. Rxe6+ Kd7 24. Re7+ Kc8 25. R7e2 Rxe2 26. Rxe2
Kd7 27. f4 Rf8 28. Re4 Rf5 29. Kf2 Rc5 30. Re3 Ra5 31. Re2 Ra3 32. Rc2 Ke6 33.
Kf3 Kf5 34. Ke3 Ra4 35. Rb2 b6 36. Rf2 Re4+ 37. Kd3 gxf4 38. gxf4 Rxf4 39. Re2
Ra4 40. Rb2 h5 41. Ke3 Kg4 42. Rd2 h4 43. Kf2 c5 44. Re2 Rc4 45. Re3 b5 46. Kf1
a5 47. Rd3 b4 48. cxb4 axb4 49. a3 Rc3 50. Rxc3 bxc3 51. Ke2 Kg3 52. a4 c2 0-1

[Event "Gibraltar ChallWk1 12th"]
[Site "Gibraltar"]
[Date "2014.01.27"]
[Round "1.17"]
[White "Urbina Perez, Juan Antonio"]
[Black "Oliveira, Maria Ines"]
[Result "1-0"]
[WhiteElo "2183"]
[BlackElo "1986"]
[PlyCount "47"]
[EventDate "2014.01.27"]
[EventType "swiss"]
[EventRounds "5"]
[EventCountry "GGB"]
[SourceTitle "BritBase"]
[Source "www.saund.co.uk"]
[SourceDate "2018.02.10"]
[SourceVersion "1"]
[SourceVersionDate "2018.02.10"]
[SourceQuality "1"]

1. e4 c5 2. Nf3 e6 3. b3 d5 4. exd5 exd5 5. Bb5+ Nc6 6. O-O Nf6 7. Re1+ Be7 8.
Qe2 Be6 9. Ng5 Bg4 10. f3 Bd7 11. Bxc6 Bxc6 12. d4 h6 13. Nh3 b6 14. Ba3 Kf8
15. Nf4 Bd6 16. Nd3 Bb5 17. Nc3 Bxd3 18. Qxd3 Rc8 19. dxc5 bxc5 20. Rad1 d4 21.
Nb5 Be7 22. Nxd4 Kg8 23. Nf5 Qxd3 24. Nxe7+ 1-0

[Event "Gibraltar ChallWk1 12th"]
[Site "Gibraltar"]
[Date "2014.01.27"]
[Round "1.18"]
[White "Adebajo, Olufemi"]
[Black "Kvisla, Johannes Luangtep"]
[Result "0-1"]
[WhiteElo "1979"]
[BlackElo "2154"]
[PlyCount "76"]
[EventDate "2014.01.27"]
[EventType "swiss"]
[EventRounds "5"]
[EventCountry "GGB"]
[SourceTitle "BritBase"]
[Source "www.saund.co.uk"]
[SourceDate "2018.02.10"]
[SourceVersion "1"]
[SourceVersionDate "2018.02.10"]
[SourceQuality "1"]

1. e4 c6 2. d4 d5 3. e5 Bf5 4. Ne2 a6 5. Ng3 Bd7 6. Bd3 e6 7. O-O c5 8. c3 Nc6
9. Be3 Qb6 10. b3 cxd4 11. cxd4 Nb4 12. Be2 Bb5 13. Nc3 Bxe2 14. Qxe2 Nc6 15.
Na4 Qd8 16. Qg4 g6 17. Bg5 Qa5 18. Rac1 h5 19. Qh4 Ba3 20. Rc2 Nge7 21. Bd2 Qd8
22. Nc5 Bxc5 23. Rxc5 Kd7 24. Bg5 Qb6 25. Rfc1 Nf5 26. Nxf5 gxf5 27. Qf4 Rac8
28. h4 Qb4 29. Rxd5+ exd5 30. Qxf5+ Kc7 31. Qxf7+ Kb8 32. Qxd5 Qxd4 33. Qf7
Rhf8 34. Qxh5 Qxf2+ 35. Kh1 Nxe5 36. Rd1 Rc2 37. Rg1 Qf5 38. Qd1 Ka8 0-1

[Event "Gibraltar ChallWk1 12th"]
[Site "Gibraltar"]
[Date "2014.01.27"]
[Round "1.19"]
[White "Vinas Guerrero, Carlos A"]
[Black "Wynarczyk, Raymond"]
[Result "1/2-1/2"]
[WhiteElo "2153"]
[BlackElo "1973"]
[PlyCount "53"]
[EventDate "2014.01.27"]
[EventType "swiss"]
[EventRounds "5"]
[EventCountry "GGB"]
[SourceTitle "BritBase"]
[Source "www.saund.co.uk"]
[SourceDate "2018.02.10"]
[SourceVersion "1"]
[SourceVersionDate "2018.02.10"]
[SourceQuality "1"]

1. e4 c5 2. Nc3 e6 3. Nf3 d6 4. d4 cxd4 5. Nxd4 Nf6 6. Be3 a6 7. f3 b5 8. Qd2
Bb7 9. O-O-O Nbd7 10. g4 Ne5 11. g5 Nfd7 12. Rg1 Rc8 13. f4 Nc4 14. Bxc4 Rxc4
15. a3 g6 16. f5 e5 17. Nde2 Qa5 18. Ng3 b4 19. Nd5 Bxd5 20. Qxd5 Qxd5 21. Rxd5
bxa3 22. bxa3 Rc3 23. Rd3 Rxd3 24. cxd3 h6 25. Rg2 hxg5 26. Bxg5 Bh6 27. Bxh6
1/2-1/2